000 00986nam a2200169Ia 4500
008 090711s9999 xx 000 0 und d
082 _b15392
100 _aशुक्ल ना. गो. / डावरे पद्माकर / बाबर शरदिनी
245 _aलाख मोलाSाी जमीन / कसेल त्याSाी जमीन / एक होता राजा
260 _c1965
300 _a127
600 _aशुक्ल ना. गो. / डावरे पद्माकर / बाबर शरदिनी
630 _aलाख मोलाSाी जमीन / कसेल त्याSाी जमीन / एक होता राजा
700 _aशुक्ल ना. गो. / डावरे पद्माकर / बाबर शरदिनी
730 _aलाख मोलाSाी जमीन / कसेल त्याSाी जमीन / एक होता राजा
942 _cBOOK
999 _c304827
_d304827